| 000 | 00415nam a22001697a 4500 | ||
|---|---|---|---|
| 999 |
_c6949 _d6949 |
||
| 003 | GBCCL | ||
| 005 | 20241126110616.0 | ||
| 008 | 180704b ||||| |||| 00| 0 eng d | ||
| 040 | _cgbc | ||
| 082 |
_a297.122 _bQUR |
||
| 245 |
_aHoly Qur'an: _bThe last and final book from God |
||
| 250 | _aInd. ed. | ||
| 260 |
_aBanglaore: _bGFM Trust |
||
| 300 |
_a476 p.; _c18 cm. |
||
| 650 |
_aQuran _911402 |
||
| 942 |
_2ddc _cREF |
||